|
|
|
|
| LEADER |
00000naa0a2200000 4500 |
| 001 |
592333 |
| 005 |
20250828142842.0 |
| 035 |
|
|
|a (RuTPU)RU\TPU\tpu\4040
|
| 035 |
|
|
|a TPU00004040
|
| 090 |
|
|
|a 592333
|
| 100 |
|
|
|a 20011210d1967 k||y0rusy50 ca
|
| 101 |
0 |
|
|a rus
|
| 102 |
|
|
|a RU
|
| 200 |
1 |
|
|a К теории параметрических систем
|f В. М. Осипов
|
| 463 |
|
1 |
|t Первая научно-техническая конференция профессорско-преподавательского состава. Посвящается 50-летию Октября
|v С. 11
|o тезисы докладов
|d 1967
|
| 610 |
1 |
|
|a электротехника
|
| 610 |
1 |
|
|a труды учёных ТПУ
|
| 700 |
|
1 |
|a Осипов
|b В. М.
|
| 801 |
|
0 |
|a RU
|b 63413507
|c 20011210
|g PSBO
|
| 801 |
|
2 |
|a RU
|b 63413507
|c 20070919
|g PSBO
|
| 942 |
|
|
|c BK
|